| 000 | 01280nam2a2200265 4500 | ||
|---|---|---|---|
| 001 | RU\NLR\BIBL_A\011746779 | ||
| 005 | 20180716160026.0 | ||
| 021 |
_aRU _bКН-П-18-042015 _9КН-П-18-3035 |
||
| 035 | _a(NLR Aleph) 011746779 | ||
| 035 | _a(RuMoRGB)009631961 | ||
| 090 |
_a11607307 _c11607307 |
||
| 100 | _a20180710d2018 c y0rusy50 ca | ||
| 101 | 1 |
_arus _ceng |
|
| 102 | _aRU | ||
| 105 | _aa z 000ay | ||
| 200 | 1 | _aЗамок Ллира | |
| 210 | _d2018 | ||
| 215 |
_a253, [2] с. _cкарт. |
||
| 461 | 0 |
_1001RU\NLR\BIBL_A\011624915 _12001#$aХроники Придайна$e[роман$eдля среднего школьного возраста]$fЛлойд Александер$g[перевод с английского Леонида Яхнина]$vКн. 3 _1700#1$aАлександер$bЛ.$gЛлойд$f1924-2007$3RU\NLR\AUTH\770184750 _911003412 _aАлександер, Л. (1924-2007) _cСанкт-Петербург [и др.] _d2017 _fЛлойд Александер _nАзбука [и др.] _o[роман : для среднего школьного возраста] _tХроники Придайна _vКн. 3 |
|
| 852 |
_aNLR _j2018-3/1753 |
||
| 942 | _cBOOK | ||
| 980 | _aNBR | ||
| 980 | _aNB | ||